| Tag |
First Indicator |
Second Indicator |
Subfields |
| LEADER |
00000cam a2200000Ia 4500 |
| 001 |
in00002012604 |
| 005 |
20151031151047.0 |
| 008 |
880328s1987 maua m 000 0 eng d |
| 035 |
|
|
|a (OCoLC)ocm17686082
|
| 040 |
|
|
|a RIN
|c RIN
|d OCL
|d OCLCQ
|d TXA
|d UtOrBLW
|
| 049 |
|
|
|a TXAM
|
| 090 |
|
|
|a GC1
|b .W582 no.88-4
|
| 100 |
1 |
|
|a Goud, Margaret R.
|
| 245 |
1 |
0 |
|a Prediction of continental shelf sediment transport using a theoretical model of the wave-current boundary layer /
|c by Margaret Redding Goud.
|
| 264 |
|
1 |
|a Woods Hole, Mass. :
|b Woods Hole Oceanographic Institution,
|c 1987.
|
| 300 |
|
|
|a 211 pages :
|b illustrations ;
|c 28 cm.
|
| 336 |
|
|
|a text
|b txt
|2 rdacontent
|
| 337 |
|
|
|a unmediated
|b n
|2 rdamedia
|
| 338 |
|
|
|a volume
|b nc
|2 rdacarrier
|
| 490 |
1 |
|
|a WHOI ;
|v 88-4.
|a Doctoral dissertation
|
| 500 |
|
|
|a Funding was provided by the National Science Foundation under grant number OCE 84-03249 ...
|
| 502 |
|
|
|b Ph. D.
|c Woods Hole Oceanographic Institution and Massachusetts Institute of Technology
|d 1987.
|
| 650 |
|
0 |
|a Sediment transport.
|
| 740 |
0 |
|
|a Wave-current boundary layer.
|
| 830 |
|
0 |
|a Woods Hole Oceanographic Institution (Series) ;
|v no. 88-4.
|
| 830 |
|
0 |
|a Woods Hole Oceanographic Institution (Series).
|p Doctoral dissertation.
|
| 994 |
|
|
|a C0
|b TXA
|
| 948 |
|
|
|a cataloged
|b h
|c 2004/12/9
|d c
|e blrosas
|f 1:01:00 pm
|
| 999 |
|
|
|a MARS
|
| 999 |
f |
f |
|s c0664c14-3b7b-340d-8e03-9ca6520cd27d
|i ac4a0d0d-daaf-3eca-814d-94a8463a05cb
|t 0
|
| 952 |
f |
f |
|p ric
|a Texas A&M University
|b Rellis Campus
|c Joint Library Facility
|d Remote Storage
|t 0
|e GC1 .W582 no.88-4
|h Library of Congress classification
|i unmediated -- volume
|m A14831663773
|
| 998 |
f |
f |
|a GC1 .W582 no.88-4
|t 0
|l Remote Storage
|